[Event "12th KIIT International 2019"]
[Site "Odisha"]
[Date "2019.06.06"]
[Round "9.6"]
[White "Debashis, Das"]
[Black "Laxman, R.R."]
[Result "1/2-1/2"]
[WhiteElo "2544"]
[BlackElo "2437"]
[Annotator "RC"]
[PlyCount "134"]
[EventDate "2019.05.31"]
[EventType "swiss"]
[EventCountry "IND"]
[SourceTitle "playchess.com"]
[Source "ChessBase"]
[SourceQuality "1"]
[TimeControl "5400+30"]

1. Nf3 {[%emt 0:00:00]} Nf6 {[%emt 0:00:00]} 2. c4 {[%emt 0:00:02]} e6 {[%emt 0:00:00]} 3. Nc3 {[%emt 0:00:03]} d5 {[%emt 0:00:31]} 4. d4 {[%emt 0:00:04]} Bb4 {[%emt 0:00:05]} 5. Qa4+ {[%emt 0:00:03]} Nc6 {[%emt 0:00:08]} 6. e3 {[%emt 0:00:04]} O-O {[%emt 0:00:24]} 7. Qc2 {[%emt 0:00:05]} b6 {[%emt 0:01:15]} 8. Bd2 {[%emt 0:00:13]} Ba6 {[%emt 0:03:18]} 9. Qa4 {[%emt 0:00:08]} Bb7 {[%emt 0:01:06]} 10. cxd5 {[%emt 0:00:07]} exd5 {[%emt 0:01:13]} 11. Bb5 {[%emt 0:03:12]} Qd6 {[%emt 0:01:56]} 12. Rc1 {[%emt 0:07:03]} Ne7 {[%emt 0:03:26]} 13. O-O {[%emt 0:06:35]} c5 {[%emt 0:03:00]} 14. Be2 {[%emt 0:07:49]} a6 {[%emt 0:03:01]} 15. dxc5 {[%emt 0:01:10]} bxc5 {[%emt 0:01:14]} 16. Rfd1 {[%emt 0:03:48]} Rfc8 {[%emt 0:07:44]} 17. Be1 {[%emt 0:13:14]} Qe6 {[%emt 0:01:41]} 18. Qc2 {[%emt 0:05:06]} Nf5 {[%emt 0:20:11]} 19. Na4 {[%emt 0:23:54]} Bxe1 {[%emt 0:03:12]} 20. Rxe1 {[%emt 0:00:04]} Ne4 {[%emt 0:01:05]} 21. Nd2 {[%emt 0:08:37]} Nxf2 {[%emt 0:20:22]} 22. Kxf2 {[%emt 0:02:47]} Qxe3+ {[%emt 0:00:05]} 23. Kf1 {[%emt 0:00:02]} Nd4 {[%emt 0:00:11]} 24. Qd1 {[%emt 0:01:17]} Bc6 {[%emt 0:00:21]} 25. Nxc5 {[%emt 0:11:11]} Nxe2 {[%emt 0:00:48]} 26. Rxe2 {[%emt 0:00:18]} Bb5 {[%emt 0:00:10]} 27. a4 {[%emt 0:01:16]} Qf4+ {[%emt 0:04:22]} 28. Nf3 {[%emt 0:01:36]} Bxe2+ {[%emt 0:00:50]} 29. Kxe2 {[%emt 0:00:03]} Rc6 {[%emt 0:03:12]} 30. Nd3 {[%emt 0:01:28]} Re8+ {[%emt 0:02:50]} 31. Kf1 {[%emt 0:00:28]} Rxc1 {[%emt 0:00:02]} 32. Nxc1 {[%emt 0:00:17]} Qc4+ {[%emt 0:00:10]} 33. Kf2 {[%emt 0:01:24]} Re4 {[%emt 0:01:02]} 34. b3 {[%emt 0:00:44]} Qc5+ {[%emt 0:00:28]} 35. Kf1 {[%emt 0:00:10]} h6 {[%emt 0:00:19]} 36. Ne2 {[%emt 0:01:09]} a5 {[%emt 0:01:00]} 37. Qd2 {[%emt 0:00:14]} Rb4 {[%emt 0:00:24]} 38. Ned4 {[%emt 0:00:44]} g6 {[%emt 0:01:01]} 39. Qe3 {[%emt 0:00:19]} Kh7 {[%emt 0:01:22]} 40. h4 {[%emt 0:00:33]} Rb7 {[%emt 0:00:36]} 41. h5 {[%emt 0:00:49]} Re7 {[%emt 0:00:18]} 42. Qf4 {[%emt 0:01:02]} Kg7 {[%emt 0:00:10]} 43. hxg6 {[%emt 0:00:18]} fxg6 {[%emt 0:00:02]} 44. Qd2 {[%emt 0:00:24]} Kh7 {[%emt 0:01:00]} 45. Nb5 {[%emt 0:00:57]} Re4 {[%emt 0:02:46]} 46. Nbd4 {[%emt 0:00:25]} g5 {[%emt 0:00:26]} 47. Ne2 {[%emt 0:00:29]} g4 {[%emt 0:00:51]} 48. Nfd4 {[%emt 0:00:04]} Qf8+ {[%emt 0:01:25]} 49. Kg1 {[%emt 0:00:25]} Qc5 {[%emt 0:00:30]} 50. Kf2 {[%emt 0:00:43]} Qf8+ {[%emt 0:00:14]} 51. Ke1 {[%emt 0:00:10]} Qc5 {[%emt 0:01:46]} 52. Kd1 {[%emt 0:00:23]} Qb6 {[%emt 0:03:29]} 53. Qc3 {[%emt 0:00:27]} Qf6 {[%emt 0:00:47]} 54. Ke1 {[%emt 0:00:57]} h5 {[%emt 0:01:22]} 55. g3 {[%emt 0:00:35]} h4 {[%emt 0:00:35]} 56. gxh4 {[%emt 0:00:22]} Qxh4+ {[%emt 0:02:07]} 57. Kd1 {[%emt 0:01:01]} Qf6 {[%emt 0:00:31]} 58. Kd2 {[%emt 0:00:31]} Qg5+ {[%emt 0:01:00]} 59. Kd1 {[%emt 0:00:26]} Qe5 {[%emt 0:00:39]} 60. Ke1 {[%emt 0:00:46]} Kg6 {[%emt 0:02:42]} 61. Kf1 {[%emt 0:00:21]} g3 {[%emt 0:01:01]} 62. Kg2 {[%emt 0:01:01]} Rxe2+ {[%emt 0:00:14]} 63. Nxe2 {[%emt 0:00:03]} Qxe2+ {[%emt 0:00:03]} 64. Kxg3 {[%emt 0:00:03]} Kf5 {[%emt 0:02:13]} 65. Qxa5 {[%emt 0:00:38]} Qe3+ {[%emt 0:00:11]} 66. Kg2 {[%emt 0:00:06]} Qxb3 {[%emt 0:00:07]} 67. Qd2 {[%emt 0:00:42]} Qxa4 {[%emt 0:00:21]} 1/2-1/2

[Event "12th KIIT International 2019"]
[Site "Odisha"]
[Date "2019.06.06"]
[Round "9.7"]
[White "Roy, Prantik"]
[Black "Burmakin, Vladimir"]
[Result "1/2-1/2"]
[WhiteElo "2365"]
[BlackElo "2526"]
[Annotator "ChessBase"]
[PlyCount "61"]
[EventDate "2019.05.31"]
[EventType "swiss"]
[EventCountry "IND"]
[TimeControl "5400+30"]

1. d4 {[%emt 0:00:00]} Nf6 {[%emt 0:00:00]} 2. Nf3 {[%emt 0:00:00]} d5 {[%emt 0:00:18]} 3. Bf4 {[%emt 0:00:40]} c6 {[%emt 0:00:29]} 4. Nbd2 {[%emt 0:00:41]} Qb6 {[%emt 0:00:35]} 5. Rb1 {[%emt 0:01:34]} Bf5 {[%emt 0:00:14]} 6. e3 {[%emt 0:00:46]} Nbd7 {[%emt 0:01:30]} 7. Bd3 {[%emt 0:01:03]} Bxd3 {[%emt 0:02:08]} 8. cxd3 {[%emt 0:00:05]} e6 {[%emt 0:10:09]} 9. O-O {[%emt 0:02:51]} Be7 {[%emt 0:01:06]} 10. b4 {[%emt 0:03:02]} O-O {[%emt 0:00:25]} 11. h3 {[%emt 0:08:25]} Rfc8 {[%emt 0:00:50]} 12. Qb3 {[%emt 0:01:57]} Qd8 {[%emt 0:01:00]} 13. Rfc1 {[%emt 0:01:06]} b6 {[%emt 0:05:24]} 14. Ne5 {[%emt 0:05:10]} Nxe5 {[%emt 0:00:13]} 15. Bxe5 {[%emt 0:00:14]} Nd7 {[%emt 0:00:21]} 16. Bg3 {[%emt 0:03:27]} a5 {[%emt 0:04:31]} 17. bxa5 {[%emt 0:06:26]} Rxa5 {[%emt 0:01:18]} 18. a4 {[%emt 0:00:07]} c5 {[%emt 0:06:28]} 19. Nf3 {[%emt 0:06:49]} Rca8 {[%emt 0:09:07]} 20. Ne5 {[%emt 0:02:09]} Nxe5 {[%emt 0:01:13]} 21. Bxe5 {[%emt 0:00:35]} f6 {[%emt 0:06:35]} 22. Bg3 {[%emt 0:01:34]} Rxa4 {[%emt 0:04:30]} 23. Qxb6 {[%emt 0:00:16]} Qxb6 {[%emt 0:00:42]} 24. Rxb6 {[%emt 0:00:05]} Ra1 {[%emt 0:01:17]} 25. Rxa1 {[%emt 0:05:36]} Rxa1+ {[%emt 0:00:04]} 26. Kh2 {[%emt 0:00:04]} cxd4 {[%emt 0:00:51]} 27. exd4 {[%emt 0:03:53]} Re1 {[%emt 0:02:52]} 28. Rb8+ {[%emt 0:00:47]} Kf7 {[%emt 0:01:14]} 29. Rb7 {[%emt 0:00:09]} Ke8 {[%emt 0:05:16]} 30. Rb8+ {[%emt 0:00:15]} Kf7 {[%emt 0:00:36]} 31. Rb7 {[%emt 0:00:10]} 1/2-1/2

[Event "12th KIIT International 2019"]
[Site "Odisha"]
[Date "2019.06.06"]
[Round "9.8"]
[White "Saurabh Anand"]
[Black "Vasquez Schroeder, Rodrigo"]
[Result "1-0"]
[WhiteElo "2351"]
[BlackElo "2476"]
[Annotator "TA"]
[PlyCount "165"]
[EventDate "2019.05.31"]
[EventType "swiss"]
[EventCountry "IND"]
[SourceTitle "playchess.com"]
[Source "ChessBase"]
[SourceQuality "1"]

{[%evp 21,165,-16,-19,-20,-25,-21,-19,-20,-20,-31,-23,-41,-53,-40,-31,-51,-47,-62,-52,-70,-53,-70,-77,-65,-35,-39,-35,-62,-44,-79,-66,-90,-82,-202,-194,-135,-81,-155,-139,-137,-154,-150,-147,-146,-141,-143,-147,-131,-129,-133,-137,-133,-62,-95,-65,-122,-43,-40,0,0,0,-11,0,0,0,-22,-14,-18,0,0,0,0,0,-14,-14,-8,174,167,167,159,167,114,115,121,145,143,137,132,187,224,350,347,359,198,645,348,508,472,539,346,543,322,625,646,606,619,487,487,883,875,856,829,823,1017,1023,992,1010,863,928,874,1560,1560,1520,1341,1288,1288,1307,29949,29949,29955,29952,29956,29939,29948,29965,29966,29968,29969,29969,29970,29969,29971,29970,29971,29951,5448]} 1. e4 c5 2. Nf3 d6 3. d4 cxd4 4. Nxd4 Nf6 5. Nc3 a6 6. Be2 e6 7. O-O Be7 8. f4 Qc7 9. Kh1 O-O 10. Be3 b5 11. a3 Bb7 12. Bd3 {B85: Sicilian Scheveningen: 6 Be2 a6, lines with early Be3} Nbd7 {[%cal Bb8d7,Bd7c5,Bc5e6,Be6g5][%mdl 32]} 13. Qf3 $1 Nc5 14. Rae1 {The position is equal.} Rac8 15. Bg1 {[#]} g6 $146 ({Predecessor:} 15... Qb8 16. Qe2 Qa8 17. Rf3 Rfe8 18. Rh3 g6 19. Nf3 Nxd3 20. cxd3 {½-½ (105) Pourkashiyan,A (2348)-Ortiz Suarez,I (2625) Philadelphia 2015}) 16. Qh3 e5 17. Nb3 Ne6 18. fxe5 dxe5 19. Be3 Nh5 20. Ne2 Bg5 21. Bxg5 Nxg5 22. Qe3 Qe7 23. Rf2 Ne6 24. Ref1 Kg7 25. Nbc1 h6 26. Na2 Qc5 27. Qd2 (27. Qh3 $17) 27... Ng5 28. Nac3 {[#]} (28. b4 $19 Qd6 29. Qe3) 28... Rcd8 (28... f5 $142 $1 {[%cal Rf5e4][%mdl 512]} 29. exf5 Nh3) 29. Qc1 {[#]} (29. b4 $142 Qc7 30. Qe3) 29... f5 $1 $17 {[%cal Rf5e4][%mdl 512]} 30. h4 (30. exf5 Nh3) 30... Nxe4 31. Bxe4 fxe4 32. Rxf8 Rxf8 33. Rxf8 Qxf8 34. Qe3 Qe7 35. Kg1 Nf6 $1 ({Resist} 35... Qxh4 36. Qa7 $15) 36. Qa7 Kf7 ({Black should play} 36... Qd7 $17 {Strongly threatening ...Ng4.} 37. Kf2 e3+ $1 {[%mdl 512]} 38. Ke1 Bxg2 39. Qxe3 Ng4) 37. Ng3 h5 38. Qf2 {[#]} ({White should try} 38. Nf1 $15) 38... Kg8 ({Better is} 38... e3 $1 $17 {[%mdl 512]} 39. Qxe3 Qd6) 39. Qa7 $15 Qf7 40. Qb8+ Kh7 {aiming for ...e3.} 41. Qa7 Kg7 42. Qc5 $1 Kh7 43. Qa7 {[#]} e3 $1 {[%mdl 512] And now ...Ng4 would win.} 44. Qxe3 Qc7 45. Nge4 Nxe4 46. Nxe4 {Hoping for Nf6+.} Qxc2 {[%mdl 64] Double Attack} 47. Qf3 Qc1+ 48. Kh2 {White wants to mate with Qf7+.} Qc7 $2 {[#]} (48... Qf4+ $11 {and Black stays safe.} 49. Qxf4 exf4) 49. Nf6+ $1 $18 {[%mdl 1024] White has strong compensation.} Kh8 50. Qe3 e4+ 51. Kh1 (51. Kg1 $18 Qg7 52. Qf4) 51... Qg7 $16 {[#]} 52. Qf4 $1 {[%cal Rf4b8] Threatening mate with Qb8+.} Bc8 53. Qe5 {Intending Qe8+ and mate.} ({Of course not} 53. Nxe4 $6 Bf5 $14) 53... Qf7 54. Nxh5+ ({Don't take} 54. Nxe4+ $6 Kg8 $14) 54... Kh7 (54... Kg8 $16) 55. Nf6+ $18 {[%mdl 64] Double Attack} Kh6 (55... Kg7 $142) 56. Nxe4 {Black must now prevent Qh8+.} Qf8 57. Ng5 (57. b4 $142) 57... Bd7 $2 (57... Qg7) 58. b4 Bc6 (58... Qe8 $142 59. Qf4 Kg7 60. Qd4+ Kh6) 59. Kh2 Bd7 60. Kg1 Bf5 (60... Qe8 {was necessary.} 61. Qf4 Kg7 62. Qd4+ Kh6) 61. Qf4 {Ne6+ would kill now.} Qe7 62. Ne6+ Kh7 63. Qc7 Qxc7 64. Nxc7 {[%mdl 4096] Endgame KB-KN} Bc8 (64... Kh6 $142 65. Nxa6 Kh5) 65. Kf2 Kh6 66. g3 Kg7 67. Ne8+ Kf8 68. Nd6 Bd7 69. Ne4 Ke7 70. Ke3 Bc8 71. Kf4 Bb7 72. Nc5 Bc8 73. Kg5 Kf7 74. g4 (74. Nd3 $18 Be6 75. Ne5+ Kg7 76. Nxg6) 74... Kg7 {White mates.} 75. h5 gxh5 76. gxh5 Kh7 77. h6 Bh3 78. Nxa6 Bf1 79. Nc7 Bd3 80. Nd5 Kg8 81. Nf6+ Kf7 82. h7 Kg7 83. Kf4 {Accuracy: White = 57%, Black = 47%.} (83. Kg4 $142 Kh8 84. Kf4 Bc4 85. Ke3 Kg7 86. Ke4 Be2 87. Kd5 Bd1 88. Kc5) 1-0

[Event "12th KIIT International 2019"]
[Site "Odisha"]
[Date "2019.06.06"]
[Round "9.9"]
[White "Nguyen, Van Huy"]
[Black "Rathneesh R"]
[Result "1-0"]
[WhiteElo "2456"]
[BlackElo "2160"]
[Annotator "TA"]
[PlyCount "171"]
[EventDate "2019.05.31"]
[EventType "swiss"]
[EventCountry "IND"]
[SourceTitle "playchess.com"]
[Source "ChessBase"]
[SourceQuality "1"]

{[%evp 23,171,16,10,0,57,56,58,64,71,71,62,64,57,64,72,14,27,29,17,9,23,0,51,45,53,0,0,0,0,0,0,0,0,0,0,0,0,0,0,0,2,0,0,0,2,0,0,0,0,0,0,0,0,0,0,0,0,0,0,0,2,0,0,0,0,0,2,2,10,10,10,0,8,0,0,0,0,0,0,0,0,0,0,0,0,0,0,0,0,0,51,51,51,51,51,51,135,130,312,51,51,61,84,0,0,0,62,99,58,59,59,0,0,0,29982,29983,29983,29983,29983,29984,29985,0,29983,0,29981,0,964,501,29981,29982,29982,29983,29983,29984,29984,29985,29985,29985,29985,29985,29986,29987,29987,29988,29988,29989,29989,29990,29990,29991]} 1. d4 Nf6 2. c4 e6 3. Nf3 d5 4. g3 Be7 5. Bg2 O-O 6. O-O dxc4 7. Qc2 a6 8. a4 Bd7 9. Rd1 Bc6 10. Nc3 Bxf3 11. Bxf3 Nc6 12. Bxc6 bxc6 13. Bg5 {E05: Open Catalan: 5 Nf3 Be7} (13. a5 Rb8 14. Ra4 Rb4 15. Na2 Rxa4 16. Qxa4 h6 17. Qxc4 Qd5 18. Qxd5 cxd5 19. Rd2 Rb8 20. Rc2 Rb5 21. Bd2 {½-½ (56) Svane,R (2595)-Leko,P (2690) Douglas 2018}) 13... Ne8 (13... Rb8 $11) 14. Bxe7 $14 Qxe7 15. Ne4 {White is slightly better.} Nd6 {[#]} 16. Nd2 $1 Rfb8 17. Nxc4 Nxc4 18. Qxc4 Qd6 19. Rdc1 (19. Qc2 $16) 19... Rxb2 $11 20. e3 $146 ({Predecessor:} 20. Qxc6 Qxc6 21. Rxc6 Rxe2 22. Rb1 g6 23. Rxc7 Ra2 24. Rbb7 Rf8 25. Rc4 {½-½ (25) Soysal,S (2359)-Erdogdu,M (2437) Izmir 2016}) 20... Rb6 21. Rc3 a5 22. Qd3 Qb4 (22... e5 $11) 23. Rc5 $14 Rd8 {next ...Qxc5! is good for Black.} 24. Rc4 (24. Qc2 $14) 24... Qb2 $11 25. Rac1 e5 26. Rxc6 Rxc6 27. Rxc6 exd4 28. Rxc7 {[%mdl 4096] Endgame KQR-KQR} Qa1+ $1 29. Kg2 Qxa4 30. exd4 h6 31. d5 Qa2 32. Rc4 Qb2 33. Ra4 Qb6 34. Qd2 Ra8 35. h4 Qb5 36. Qa2 Qc5 37. Kh2 Qb5 38. h5 Qb6 (38... Qc5 {is more complex.} 39. Kg2 Qb5 40. g4 Ra7 41. f3 Rc7) 39. Qd2 Qb5 40. Qa2 Qb6 41. Kg1 Qc5 42. Rc4 Qe7 43. Ra4 Qe1+ 44. Kg2 Re8 {aiming for ...Re2!} (44... Rc8 $5 45. Rc4 $8 Rxc4 46. Qxc4 Qe7 $11) 45. Qc2 Re2 46. Qc8+ Re8 47. Qc7 Qe5 $132 {[%mdl 2048] Black has counterplay} 48. Qc6 Rd8 49. Rxa5 Qe4+ 50. Kh2 Qf3 51. Qc2 Qxh5+ 52. Kg2 Qe5 53. Qc4 Qd6 54. Rc5 Rd7 55. Kg1 Rd8 56. Rc8 Rxc8 (56... Rf8 $11) 57. Qxc8+ {KQ-KQ} Kh7 58. Qc6 Qe5 59. d6 $1 Qe6 {[#]} (59... Qe1+ $1 $14 60. Kg2 Qe6) 60. Qc2+ $1 $16 g6 $2 (60... f5 $16) 61. Qd2 $2 (61. Qc7 $18 Qe1+ 62. Kg2 Qe4+ 63. Kf1 Qd3+ 64. Ke1 Qe4+ 65. Kd2 Qd4+ 66. Kc1 Qa1+ 67. Kc2 Qa2+ 68. Kc3 Qa3+ 69. Kc4) 61... Qd7 $14 62. Qd4 Kg8 63. Qf6 (63. Kg2 $16) 63... Qg4 $11 64. Qe5 {Qe8+ is the strong threat.} h5 (64... Qd1+ $11 65. Kg2 h5) 65. Qd5 $1 $14 Qd7 66. Qd4 Kh7 $1 67. Qf6 (67. Kg2 $14) 67... Qb7 $1 $11 68. Qe7 Qd5 $2 {[%mdl 8192]} (68... Qf3 $11) 69. d7 Qd1+ 70. Kh2 Qf3 71. Qc5 ({Stronger than} 71. d8=Q Qxf2+ 72. Kh1 (72. Kh3 Qf1+ 73. Kh4 Qc4+ 74. Kh3 Qf1+ 75. Kh4 Qc4+ 76. Kh3 Qf1+ $11) 72... Qf1+ 73. Kh2 Qf2+ 74. Kh3 Qf1+ 75. Kh4 Qc4+ 76. Kh3 Qf1+ 77. Kh4 Qc4+ 78. Kh3 Qf1+ $11) 71... Qd3 72. Qc6 $2 (72. Qc8 g5 73. d8=Q Qxd8 74. Qxd8 Kg6 75. Qg8+ Kf6 76. Kh3 g4+ 77. Kh4) 72... Kg7 $2 {[%mdl 8192]} (72... g5 $11) 73. Kg2 $2 (73. Qc8 Qf5 74. d8=Q Qxc8 75. Qxc8 Kf6 76. Qd8+ Ke6 77. f4 f5 78. Qe8+ Kd5 79. Qxg6 {[%mdl 64] Double Attack}) 73... Qd4 $2 {[%mdl 8192]} (73... h4 $11) 74. Qb7 $2 (74. Qc8 {mates} Qd5+ 75. Kh2 g5 76. d8=Q Qxd8 77. Qxd8 Kg6 78. Qg8+ Kf6 79. Kh3) 74... h4 $2 {[%mdl 8192]} (74... g5 $11) 75. Qc7 $18 hxg3 (75... Qe4+ $18 76. Kf1 Qd3+ 77. Ke1 Qe4+ 78. Kd2 Qd4+ 79. Kc2 Qa4+ 80. Kb2 Qb4+ 81. Kc1 Qa3+ 82. Kd2 Qb2+ 83. Ke3 Qa3+ 84. Ke4 Qa4+ 85. Kd5 Qb5+ 86. Kd6 Qd3+ 87. Kc6 Qf3+ 88. Kb6 Qb3+ 89. Ka7 Qa4+ 90. Kb8 Qb5+ 91. Kc8 Qa6+ 92. Qb7 Qe6 93. gxh4 Qf5) 76. Kxg3 {White mates.} Qd3+ 77. f3 Qd4 78. d8=Q Qg1+ 79. Kf4 Qh2+ 80. Ke4 Qe2+ 81. Kd4 Qd2+ 82. Kc5 Qc3+ 83. Kb6 Qb4+ 84. Ka7 Qa3+ 85. Kb8 Qb2+ 86. Kc8 {Accuracy: White = 57%, Black = 61%.} 1-0

[Event "12th KIIT International 2019"]
[Site "Odisha"]
[Date "2019.06.06"]
[Round "9.10"]
[White "Koustav Chatterjee"]
[Black "Kostenko, Petr"]
[Result "1/2-1/2"]
[WhiteElo "2404"]
[BlackElo "2473"]
[Annotator "TA"]
[PlyCount "84"]
[EventDate "2019.05.31"]
[EventType "swiss"]
[EventCountry "IND"]
[SourceTitle "playchess.com"]
[Source "ChessBase"]
[SourceQuality "1"]

{[%evp 18,84,27,23,24,12,25,20,22,0,8,0,-11,-17,14,0,0,0,0,19,27,11,49,54,54,51,85,6,15,22,26,28,25,-41,71,62,67,48,58,0,37,31,35,0,3,0,0,0,0,-35,0,0,0,0,0,0,0,0,58,64,85,85,122,123,186,93,117,93,148]} 1. c4 f5 2. g3 Nf6 3. Bg2 e6 4. Nf3 Be7 5. O-O O-O 6. b3 b6 7. Ne5 c6 8. Bb2 Bb7 9. d4 d5 10. Nd2 Bd6 {A93: Classical Dutch: Classical Stonewall: 7 b3} 11. Ndf3 $146 ({Predecessor:} 11. Nd3 Qe7 12. Qc1 a5 13. Nf3 Na6 14. Nfe5 Rac8 15. Qg5 Rc7 16. Rac1 {0-1 (44) Murey,J (2490)-Agdestein,S (2545) London 1986}) 11... Qe7 12. Rc1 Ne4 {The position is equal.} 13. Qd3 c5 14. dxc5 bxc5 15. e3 Na6 16. Rfd1 Nb4 17. Qb1 a5 18. a3 Na6 19. Qc2 Rfb8 20. Nd3 $36 {[%mdl 2048] White has some pressure.} Rd8 21. cxd5 exd5 22. Nf4 (22. Nh4 $1 $16 {[%cal Rh4f5]} g6 23. Ba1) 22... Nc7 $11 23. Nh4 g6 $1 24. Ne2 Ne6 25. Ba1 {[#]} (25. Nf3 $11) 25... Kf7 (25... d4 $1 $15 {[%mdl 512] keeps the upper hand.}) 26. Nc3 $16 Bc7 27. Nxe4 dxe4 28. f3 (28. Rxd8 $14 Rxd8 29. Bf1) 28... Ng5 {[%cal Re4f3]} 29. f4 Ne6 30. Bf1 Ba6 31. Ng2 Bxf1 32. Kxf1 Rab8 33. Ne1 Rxd1 (33... Bd6 {feels hotter.} 34. Qc4 Qb7 35. Rb1 Be7 36. Rxd8 Rxd8 37. Kg1 Qa8) 34. Rxd1 Rd8 35. Rxd8 Bxd8 36. Qc4 Qd7 37. Ke2 {[#]} Be7 (37... a4 $1 $11 {[%mdl 512]}) 38. Bc3 $14 Bd8 39. a4 Qc7 40. Nc2 Bf6 (40... Qb7 $16) 41. Be1 ({Better is} 41. Bxf6 $18 Kxf6 42. Qc3+ Ke7 43. Na3) 41... Qd8 42. Qb5 Qf8 {Accuracy: White = 43%, Black = 55%.} (42... Bb2 $142) 1/2-1/2

[Event "12th KIIT International 2019"]
[Site "Odisha"]
[Date "2019.06.06"]
[Round "9.11"]
[White "Konguvel, Ponnuswamy"]
[Black "Muthaiah AL"]
[Result "1-0"]
[WhiteElo "2293"]
[BlackElo "2427"]
[Annotator "TA"]
[PlyCount "99"]
[EventDate "2019.05.31"]
[EventType "swiss"]
[EventCountry "IND"]
[SourceTitle "playchess.com"]
[Source "ChessBase"]
[SourceQuality "1"]

{[%evp 10,99,39,40,35,37,41,38,38,22,37,40,29,20,51,0,0,0,0,-20,-20,-20,-20,-20,-16,-27,-23,-114,-118,-102,-106,-102,-116,-164,-140,-145,-137,-127,-132,-133,-125,-124,-75,-162,-151,-150,-87,-131,-133,-139,-138,-131,-126,-174,-163,-153,-167,-201,-130,-193,-174,-185,-173,-186,-172,-171,-166,-207,0,0,0,0,0,0,0,0,0,0,0,0,23,23,47,54,552,552,670,658,29984,29985,29985,29986]} 1. e4 d6 2. d4 Nf6 3. Nc3 c6 4. f4 Qa5 5. Bd3 e5 6. Nf3 {[%cal Rf4e5]} exd4 {B07: Pirc Defence: Miscellaneous Systems} (6... Bg4 7. Be3 Nbd7 8. O-O Be7 9. h3 Bxf3 10. Qxf3 O-O 11. Ne2 Bd8 12. c3 b5 13. a3 Qa4 14. Rad1 Qb3 15. Rd2 Nb6 16. dxe5 dxe5 17. fxe5 Nfd7 18. Nd4 Qa4 19. Nxc6 {1-0 (47) Karjakin,S (2753)-Petrosian,T (2598) St Petersburg 2018}) 7. Nxd4 g6 8. Be3 Bg7 {White is slightly better.} 9. h3 O-O 10. O-O Nbd7 11. Qd2 Qc7 12. Nf3 (12. a4 $14) 12... b5 $11 13. Rad1 $146 ({Predecessor:} 13. a3) 13... Re8 14. b4 a6 15. Bd4 Bb7 16. e5 dxe5 17. fxe5 Nd5 18. Ne4 (18. e6 $11 Bxd4+ 19. Nxd4 fxe6 20. Nxd5 exd5 21. Rde1) 18... Nxe5 $17 19. Nxe5 Bxe5 20. Bxe5 Rxe5 (20... Qxe5 $6 21. Nc5 $11) 21. Rf3 Rae8 22. Nc5 Bc8 23. a3 {[#]} a5 $1 {[%mdl 512]} 24. c3 (24. bxa5 Qa7) 24... Kg7 25. Rdf1 f5 26. Nb3 (26. c4 $17 {might work better.} bxc4 27. Bxc4) 26... axb4 $19 27. axb4 Re3 (27... Ne3 $142 28. R1f2 Be6 29. Rxe3 Bxb3 30. Rxe5 Rxe5) 28. Nc5 Qe5 29. Rxe3 Qxe3+ 30. Qxe3 Rxe3 31. Ra1 Kf6 ({Much less strong is} 31... Nxc3 32. Ra7+ Kh6 33. Rc7 $17) 32. Ra8 Re8 33. Ra3 f4 34. Kf2 (34. Be4 $17) 34... Bf5 35. Ra6 {[#]} Bxd3 $1 (35... Nxc3 36. Rxc6+ Kg5 37. Bxf5 $17) 36. Rxc6+ Kf5 37. Nxd3 {[%mdl 4096] Endgame KRN-KRN} Re3 38. c4 Nc3 $2 ({Don't play} 38... Rxd3 39. cxd5 Rxd5 40. Rc7 $17) (38... bxc4 $19 39. Nc1 Rc3) 39. Rc5+ $11 Ke4 40. Ne1 Re2+ 41. Kf1 Rb2 42. cxb5 Nd5 43. Rc4+ Kf5 {aiming for ...Ne3+.} 44. Rc5 Ke6 45. Nd3 Rb1+ 46. Ke2 {Strongly threatening b6!} g5 $2 {[%mdl 8192] [#]} ({Black should try} 46... Nxb4 $14 47. Nxf4+ Kd6) 47. b6 $1 $18 {[%cal Rb6b7][%mdl 512]} f3+ (47... Nxb6 48. Rc6+) 48. gxf3 {Hoping for b7.} Nf4+ 49. Nxf4+ gxf4 50. Rb5 {Accuracy: White = 69%, Black = 64%.} 1-0

[Event "12th KIIT International 2019"]
[Site "Odisha"]
[Date "2019.06.06"]
[Round "9.12"]
[White "Aaryan Varshney"]
[Black "Malakhatko, Vadim"]
[Result "1/2-1/2"]
[WhiteElo "2196"]
[BlackElo "2505"]
[Annotator "TA"]
[PlyCount "110"]
[EventDate "2019.05.31"]
[EventType "swiss"]
[EventCountry "IND"]
[SourceTitle "playchess.com"]
[Source "ChessBase"]
[SourceQuality "1"]

{[%evp 21,110,17,27,26,25,27,50,20,40,39,34,41,35,35,52,12,12,0,-4,-6,-6,0,0,-16,-18,-17,-14,-46,-39,-54,-47,-43,-46,-50,-17,-29,-20,-46,-7,-8,-8,-8,-8,-8,-8,-8,0,0,7,-17,0,0,0,0,0,0,0,0,0,0,0,0,0,0,0,0,0,0,0,0,114,0,0,0,0,0,0,0,0,0,0,0,0,0,0,0,0,0,0,0,0]} 1. d4 d5 2. c4 dxc4 3. Nf3 a6 4. e3 Bg4 5. Bxc4 e6 6. O-O Nc6 7. h3 Bh5 8. Nc3 Nf6 9. Be2 Bd6 10. b3 O-O 11. Bb2 Qe8 12. Rc1 {D22: Queen's Gambit Accepted: 3 Nf3 a6 4 e3} Rd8 13. Nd2 Bg6 14. Nc4 {[#] White is slightly better.} Be7 $146 ({Predecessor:} 14... Nb4 15. Nxd6 cxd6 16. Ba3 Nbd5 17. Bf3 Nxc3 18. Rxc3 Be4 19. Rc7 Qb5 20. Bxe4 Nxe4 {1-0 (61) Dreev,A (2652)-Huschenbeth,N (2596) Bastia 2017}) 15. Bf3 b5 16. Bxc6 Qxc6 17. Ne5 Qb7 18. Nxg6 hxg6 19. Qe2 Rc8 20. Rfd1 c5 21. dxc5 Rxc5 22. Qf3 Qxf3 23. gxf3 Rfc8 24. Nb1 Nd5 (24... Rc2 {keeps more tension.} 25. Rxc2 Rxc2 26. Rd2 Rc8 27. Nc3 g5) 25. Rxc5 Rxc5 26. Rc1 Rxc1+ 27. Bxc1 $15 {[%mdl 4096] Endgame KBN-KBN} f5 28. Kf1 Kf7 29. Ke2 Nb4 30. a4 bxa4 31. bxa4 Nd5 32. e4 Nb6 33. Nc3 Bb4 34. Be3 Nc4 35. Nd1 Kf6 36. Bd4+ e5 37. Nb2 Nxb2 (37... Bc5 {with more complications.} 38. Bc3 Nxb2 39. Bxb2 Ke6 40. Bc3 Bb6) 38. Bxb2 $11 {KB-KB} Bc5 39. Bc3 Ke6 40. Bd2 Bd4 41. Bb4 Kf6 42. Bd2 Bb6 43. Bc3 Bc7 44. Bd2 Bd6 45. Kd3 Bc5 {[#]} (45... Ke6 $11 {remains equal.}) 46. Ke2 ({White has to play} 46. Kc4 $1 $16 {[%cal Rc4c5]} Bxf2 47. Kd5) 46... g5 {The position is equal.} 47. Bc3 g6 48. Bd2 Bd4 49. Bb4 Ke6 50. Bd2 Kf6 51. Bb4 Ke6 52. Bd2 f4 53. Bb4 Kd7 54. Bf8 Ke6 55. Bb4 Bb6 {Accuracy: White = 74%, Black = 53%.} 1/2-1/2